Central Library OPAC University of Rajshahi

Indian theory of knowledge based upon Jayanta's Nyayamanjari / (Record no. 30688)

MARC details
000 -LEADER
fixed length control field 00966nam a2200301 a 4500
001 - CONTROL NUMBER
control field 30688
003 - CONTROL NUMBER IDENTIFIER
rucl marc code BD-RjUL
005 - DATE AND TIME OF LATEST TRANSACTION
control field 20211209051613.0
008 - FIXED-LENGTH DATA ELEMENTS--GENERAL INFORMATION
fixed length control field 140410s1977 ii b 001 0 eng
035 ## - SYSTEM CONTROL NUMBER
System control number (BD-RjUL)30775
040 ## - CATALOGING SOURCE
Original cataloging agency LC
Language of cataloging eng
Transcribing agency LC
Modifying agency ABN-SNR
-- BD-RjUL
041 ## - LANGUAGE CODE
Language code of text/sound track or separate title eng
082 04 - DEWEY DECIMAL CLASSIFICATION NUMBER
Classification number 181.43
Author mark and year BII 1977
100 1# - MAIN ENTRY--PERSONAL NAME
Personal name Bijalwan, C. D.,
Dates associated with a name 1932-
9 (RLIN) 93221
245 10 - TITLE STATEMENT
Title Indian theory of knowledge based upon Jayanta's Nyayamanjari /
Statement of responsibility, etc. C. D. Bijalwan.
250 ## - EDITION STATEMENT
Edition statement 1st ed.
260 ## - PUBLICATION, DISTRIBUTION, ETC. (IMPRINT)
Place of publication, distribution, etc. New Delhi :
Name of publisher, distributor, etc. Heritage Publishers,
Date of publication, distribution, etc. 1977.
300 ## - PHYSICAL DESCRIPTION
Pagination xviii, 288 p. ;
Size 23 cm.
500 ## - GENERAL NOTE
General note A revision of the author's thesis, University of Delhi, 1972.
504 ## - BIBLIOGRAPHY, ETC. NOTE
Bibliography, etc Includes bibliographical references and index.
600 00 - SUBJECT ADDED ENTRY--PERSONAL NAME
Personal name Jayanta Bhatta,
Dates associated with a name active 850-910.
650 #0 - SUBJECT ADDED ENTRY--TOPICAL TERM
Topical term or geographic name as entry element Knowledge, Theory of.
9 (RLIN) 93223
Topical term or geographic name as entry element Philosophy, Indic.
9 (RLIN) 93224
Topical term or geographic name as entry element Nyaya.
9 (RLIN) 91085
942 ## - ADDED ENTRY ELEMENTS (KOHA)
Source of classification or shelving scheme Dewey Decimal Classification
Koha item type Books
Holdings
Lost status Source of classification or shelving scheme Damaged status Not for loan Collection code Permanent Location Current Location Shelving location Date acquired Source of acquisition Cost, normal purchase price Total Checkouts Full call number Date last seen Copy number Koha item type
  Dewey Decimal Classification     Non-fiction Central Library, University of Rajshahi Central Library, University of Rajshahi   21/03/1979 India Int. Cal. 65.00   181.43 BII 1977 10/04/2014 C-3 Books
  Dewey Decimal Classification     Non-fiction Central Library, University of Rajshahi Central Library, University of Rajshahi   27/11/1983 Tulip Enterprise, Dhaka. 75.00   181.43 BII 1977 10/04/2014 C-4 Books
  Dewey Decimal Classification     Non-fiction Central Library, University of Rajshahi Central Library, University of Rajshahi   27/11/1983 Tulip Enterprise, Dhaka. 75.00   181.43 BII 1977 10/04/2014 C-5 Books
  Dewey Decimal Classification     Non-fiction Central Library, University of Rajshahi Central Library, University of Rajshahi   21/03/1979 India International, Kolkata 21.03   181.43 BII 1977 30/07/2016 C-2 Books
  Dewey Decimal Classification   Not For Loan Non-fiction Central Library, University of Rajshahi Central Library, University of Rajshahi Reading Room 21/03/1979 India international, Calcutta 65.00   181.43 BII 1977 05/12/2016 C-1 Books